1207 1587 1315 1185 1243 1960 1234 1725 1931 1326 1921 1094 1517 1925 1498 1190 1495 1449 1077 1756 1587 1340 1125 1429 1717 1739 1815 1071 1185 1744 1701 1388 1712 1006 1471 1110 1477 1880 1514 1659 1064 1869 1231 1210 1938 1099 1889 1835 1325 1390 1603 1854 1952 1683 1041 1697 1740 1985 1507 1387 1149 1082 1976 1640 1759 1096 1531 1442 1684 1949 1468 1832 1211 1178 1011 1162 1052 1199 1162 1328 1869 1283 1375 1883 1851 1785 1476 1526 1433 1405 1269 1604 1813 1348 1642 1897 1100 1910 1905 BCNSPRNW ULIB Ver.6.0+V

เปลี่ยนเป็นภาษาไทย

Change to English
 แสดงรายละเอียดบรรณานุกรม
  กลับหน้าหลัก

Brief Record : Get Marc (ISO 2709) : E-mail record : QR code < ปิดหน้าต่าง
LEADER : 00000nam 2200000uu 4500
001    13399120116
003     ULIB
008    120904s2553||||th 000 0 tha d
020    ^a9789742911515(ล.1)
024    ^a9742911517
060 04 ^aWY150^bค127ก ล.1
245 00 ^aการพยาบาลผู้ใหญ่และผู้สูงอายุ เล่ม 1 /^cคณาจารย์เรียบเรียง : แสงจันทร์ ทองมาก ... [ และคนอื่นๆ]
250    ^aพิมพ์ครั้งที่ 12 (ปรับปรุงครั้งที่ 1)
260    ^aนนทบุรี :^bโครงการสวัสดิการวิชาการ สถาบันพระบรมราชชนกกระทรวงสาธารณสุข,^c2553
300    ^a714 หน้า :^bภาพประกอบ ;^c26 ซม.
650  7 ^aการพยาบาล^xในวัยชรา
650  7 ^aการพยาบาล^xในวัยผู้ใหญ่
650  7 ^aการพยาบาลผู้สูงอายุ
650  7 ^aผู้สูงอายุ^xการดูแล
700 0  ^aแสงจันทร์ ทองมาก
710 2  ^aสถาบันพระบรมราชชนก. ^bโครงการสวัสดิการวิชาการ
945    ^p0^l0^i19386
945    ^p0^l0^i19387
945    ^p0^l0^i19388
945    ^p0^l0^i19389
945    ^p0^l0^i19390
995    ^aกัณชพร
999 ^a ใช้งานได้ทุกระบบ
รายการนี้ยังไม่มีแท็ก
คุณยังไม่ได้ล็อกอิน คุณสามารถมีกิจกรรมร่วมกับเว็บไซต์ได้ แต่ต้องล็อกอินก่อน ::
  ล็อกอิน

รายการสื่อสารสนเทศ

ลำดับที่ ประเภท เลขเรียก/บาร์โค้ด สถานที่ สถานะ
1. วิทยาศาสตร์การแพทย์ และสุขภาพ
วิทยาศาสตร์การแพทย์ และสุขภาพ
WY150 ค127ก ล.1 ฉ.2 
  Barcode: 19387
ห้องสมุดวิทยาเขตนครสวรรค์
►ส่วนจัดเก็บหนังสือเก่า นว.
บนชั้น
  ขอยืม
2. วิทยาศาสตร์การแพทย์ และสุขภาพ
วิทยาศาสตร์การแพทย์ และสุขภาพ
WY150 ค127ก ล.1 ฉ.3 
  Barcode: 19388
ห้องสมุดวิทยาเขตนครสวรรค์
►ส่วนจัดเก็บหนังสือเก่า นว.
บนชั้น
  ขอยืม
3. วิทยาศาสตร์การแพทย์ และสุขภาพ
วิทยาศาสตร์การแพทย์ และสุขภาพ
WY150 ค127ก ล.1 ฉ.4 
  Barcode: 19389
ห้องสมุดวิทยาเขตนครสวรรค์
►ส่วนจัดเก็บหนังสือเก่า นว.
บนชั้น
  ขอยืม
4. วิทยาศาสตร์การแพทย์ และสุขภาพ
วิทยาศาสตร์การแพทย์ และสุขภาพ
WY150 ค127ก ล.1 ฉ.5 
  Barcode: 19390
ห้องสมุดวิทยาเขตนครสวรรค์
►ส่วนจัดเก็บหนังสือเก่า นว.
บนชั้น
  ขอยืม

รายการใกล้เคียง
    หัวเรื่อง [การพยาบาลผู้สูงอายุ]
    หัวเรื่อง [ผู้สูงอายุ การดูแล]

BibComment


ยังไม่เคยถูกคอมเมนท์

คอมเมนท์ทรัพยากรรายการนี้
  คอมเมนท์: การพยาบาลผู้ใหญ่..


 Copyright 2026. Bcnsprnw @Library